Statistics for Scotland Football One-Cap Wonders - #4 1970 to 1979

Click here to take the quiz!

General Stats

  • This quiz has been taken 12 times
  • The average score is 4 of 16

Answer Stats

HintAnswer% Correct
1974West GermanyHibernianErich Schaedler
64%
1975Spain (+75)CelticPaul Wilson
45%
1976SwitzerlandNewcastle United (ENG)Tommy Craig
45%
1977Sweden (+75)CelticJoe Craig
45%
1975Romania (73>)Ayr UnitedJohnny Doyle
36%
1977East GermanyLeeds United (ENG)David Stewart
27%
1973Switzerland (70>)Everton (ENG)John Connolly
18%
1975Sweden (+54)Sunderland (ENG)Billy Hughes
18%
1975DenmarkManchester United (ENG)Stewart Houston
18%
1975RomaniaSheffield United (ENG)Jim Brown
18%
1976Switzerland (+46)RangersBobby McKean
18%
1976Switzerland (+64)HibernianDes Bremner
18%
1971U.S.S.R.MotherwellBobby Watson
9%
1971BelgiumAberdeenSteve Murray
9%
1976SwitzerlandRangersAlex MacDonald
9%
1977Sweden (50>)CelticRonnie Glavin
9%

Score Distribution

Percentile by Number Answered

Percent of People with Each Score

Your Score History

You have not taken this quiz